Orders of the Day, Minutes of Proceedings Parliamentary Assembly

Gespeichert in:
Bibliographische Detailangaben
Format: Buch
Sprache:Englisch
Französisch
Veröffentlicht: Strasbourg Council of Europe 1983
Tags: Tag hinzufügen
Keine Tags, Fügen Sie das erste Tag hinzu!

MARC

LEADER 00000nam a2200000 4500
001 c136321
005 20250606090316.9
041 0 |a eng 
041 0 |a fre 
044 |a FR 
245 1 0 |a Orders of the Day, Minutes of Proceedings  |b Parliamentary Assembly 
264 1 |a Strasbourg  |b Council of Europe  |c 1983 
300 |a 73 s.